Toque de diana: El alma de Chile en la lira de sus bardos. Antología poética

Salvato in:
Dettagli Bibliografici
Autore principale: Silva, Víctor Domingo (Autore)
Natura: Libro
Lingua:spagnolo
Pubblicazione: Santiago Imprenta Chile 1928
Edizione:1a. ed
Soggetti:
Tags: Aggiungi Tag
Nessun Tag, puoi essere il primo ad aggiungerne!!

MARC

LEADER 00000nam a2200000 a 4500
001 UCJ3242
003 CL-VaPUC
008 070124e19280000CL |||||||||||||||||spa|d
082 0 4 |a Ch861  |b SIL  |2 21 
100 0 |a Silva, Víctor Domingo  |e author  |9 504927 
245 1 0 |a Toque de diana: El alma de Chile en la lira de sus bardos. Antología poética 
250 |a 1a. ed 
300 |a 463 p 
942 |c BK 
945 |d 20070124 00:00:00  |a rinostro 
260 |a Santiago  |b Imprenta Chile  |c 1928 
600 0 7 |a RIOS GALLARDO, CONRADO  |2 CL-VaPUC  |9 445782 
600 0 |a Henríquez, Camilo  |9 337912 
600 0 |a Lillo, Eusebio,  |d 1826-1910  |9 504958 
600 0 7 |a RENGIFO, MANUEL  |2 CL-VaPUC  |9 328821 
600 0 7 |a ORREGO DE URIBE, ROSARIO  |2 CL-VaPUC  |9 504959 
650 0 |a Poesía chilena   |9 268403 
650 0 |a Antología poética  |9 504960 
650 7 |a POESIA PATRIOTICA  |2 CL-VaPUC  |9 504961 
583 |a last modification  |c 20070124 00:00:00  |k Rodrigo Vera 
999 |c 319364  |d 319362 
952 |0 0  |1 0  |4 0  |6 CH_861_000000000000000_SIL_1928  |7 0  |8 ?  |9 397673  |a FDOBUD  |b FDOBUD  |d 2019-11-22  |i 1001221  |o Ch861 SIL 1928  |p 1001221  |r 2019-11-22  |w 2019-11-22  |y BK  |k BUD